000 03821cam a22012854i 4500
003 PE-LiUPU
005 20250813185618.0
008 150706s2011 ag a r 000 0 spa d
020 _a9788484531890
035 _a(Sirsi) i9788484531890
040 _aPE-LiUPU
_bspa
_cPE-LiUPU
_erda
049 _aPRUA
082 0 4 _a328.182
_bE86
_221
100 1 _aEstulin, Daniel 1966- ,
_eautor.
245 1 3 _aEl imperio invisible :
_bla auténtica conspiración del gobierno mundial en la sombra /
_cDaniel Estulin ; traducción de Ana Isabel Sánchez.
264 1 _aBarcelona :
_bBronce,
_c2011.
300 _a496 páginas :
_bilustraciones ;
_c23 cm.
336 _atext
_2rdacontent
337 _aunmediated
_2rdamedia
338 _avolume
_2rdacarrier
505 0 _aLa violación económica de Rusia -- La guerra del Club Bilderberg en Kosovo -- El punto débil del "Aquí no pasa nada" -- ¿El Mercader de la Muerte? -- Ardides nucleares -- Terrorismo atómico .
526 _aP202
526 _aP201
526 _aP163
526 _aP162
526 _aP161
526 _aP160
526 _aP148
526 _aP147
526 _aP146
526 _aP145
526 _aP144
526 _aP143
526 _aP142
526 _aP141
526 _aP140
526 _aP139
526 _aP138
526 _aP137
526 _aP136
526 _aP135
526 _aP134
526 _aP133
526 _aP129
526 _aP128
526 _aP127
526 _aP120
526 _aP119
526 _aP118
526 _aP116
526 _aP115
526 _aP114
526 _aP110
526 _aP109
526 _aP108
526 _aP104
526 _aP103
526 _aP102
526 _aP99
526 _aP98
526 _aP97
526 _aP96
526 _aP95
526 _aP93
526 _aP90
526 _aP89
526 _aP88
526 _aP83
526 _aP82
526 _aP62
526 _aP59
526 _aP58
526 _aP57
526 _aP51
526 _aP49
526 _aP48
526 _aP47
526 _aP29
526 _aP24
526 _aP20
526 _aP19
526 _aP17
526 _aP15
526 _aP14
526 _aP12
526 _aP10
526 _aP09
526 _aP08
526 _aP07
526 _aP06
526 _aP05
526 _aP04
526 _aP01
541 _g045-0004355;
541 _g045-0004353;
541 _g045-0004353;
650 0 4 _aGrupos de presión .
650 0 4 _aPolítica mundial
_y1989- .
700 1 _aSánchez, Ana Isabel ,
_etr.
910 _agl
_bjv
_cng
_d20121217
942 _2ddc
_cBOOK
949 _a328.182 E86
_wDEWEY
_c1
_i66054
_lCCODEBUL1
_mBUL
_p32.00
_r0
_sY
_tBOOK
_u2015-7-6
_xFCE
_PP04
_o.STAFF. Colección General
949 _a328.182 E86
_wDEWEY
_c2
_i66062
_lCCODEBUL1
_mBUL
_p32.00
_r0
_sY
_tBOOK
_u2015-7-6
_xFCE
_PP04
_o.STAFF. Colección General
949 _a328.182 E86
_wDEWEY
_c3
_i66063
_lCCODEBUL1
_mBUL
_p32.00
_r0
_sY
_tBOOK
_u2015-7-6
_xFCE
_PP04
_o.STAFF. Colección General
994 _aC0
_bPEPRU
596 _a1
999 _a328.182 E86
_wDEWEY
_c54399
_i66054
_lLOST
_mBUL
_p32.00
_r1
_sY
_tBOOK
_u2015-7-6
_xFCE
_PP04
_0COMPRA
_o.STAFF. Colección General
_d54399
999 _a328.182 E86
_wDEWEY
_c2
_i66062
_f2021-11-5
_g6
_lCCODEBUL1
_mBUL
_p32.00
_r0
_sY
_tBOOK
_u2015-7-6
_xBIBLIOTECA
_PP04
_0COMPRA
_o.STAFF. Colección General
999 _a328.182 E86
_wDEWEY
_c3
_i66063
_d2017-11-23
_f2021-11-5
_g6
_lCCODEBUL1
_mBUL
_p32.00
_q1
_r0
_sY
_tBOOK
_u2015-7-6
_xBIBLIOTECA
_PP04
_0COMPRA
_o.STAFF. Colección General
980 _81
_gALBERTO SANCHEZ Responsable de Automatización